| 000 | 02101nam a22003137a 4500 | ||
|---|---|---|---|
| 003 | OSt | ||
| 005 | 20230607091354.0 | ||
| 008 | 221006b |||||||| |||| 00| 0 eng d | ||
| 040 | _cBiblioteca Lado V | ||
| 082 |
_a700 _bV473o |
||
| 100 |
_9841 _aVera Jimenez, Jose Luis _editector |
||
| 245 |
_aEl Ornitorrinco Tachado/ _bRevista de Artes Visuales/ |
||
| 260 |
_aMexico _bUniversidad Autonoma del Estado de Mexico _c2018 |
||
| 300 |
_c21x21cm _a152p. _edos posters |
||
| 366 | _espa | ||
| 490 |
_a6 _v2017 _x2448-6930 |
||
| 505 | _aLos estudios visuales "en español". Un estado de la cuestión. | ||
| 505 |
_aArticulos _tInvestigación actual en imágenes. un análisis comparativo del debate internacional sobre la imagen. Visualidad y técnica: Consideraciones sobre audiovisual amateur, dispositivos y vida cotidiana La acción política como performance social: el caso de las imágenes de las protestas contra Nicolas Maduro ¿Qué es una pipa? Museificacion y reinscripcion de artefactos visuales. Del Brasil decimononico a la contemporaneidad artística |
||
| 505 |
_aDossier _rFrancisco Larios _tMar Bermejo |
||
| 505 |
_aAl Margen _tPresentacion De mostrar el ver a la imagen que se muestra. Sobre la teoria de la imagen de W. J. T. Mitchell Comentarios sobre la tercera contratesis de W. J. T. Mitchell Estudios visuales entre diglosias coloniales y saberes colectivos El posgrado de la Facultad de Artes frente a los Estudios Visuales |
||
| 505 |
_aEnsayo Visual _rJuan Caloca Carbajal _tLa gran familia mexicana |
||
| 505 |
_aReseñas _rVictoria Noelia Cabral _tPrincipio de incertidumbre: percepción y luz en la ciencia y en el arte Sociología de la imagen. Miradas ch'ixi de la historia andina |
||
| 650 |
_2Tesauro de Arte & Arquitectura _aARTE _9703 |
||
| 650 |
_2Tesauro de Arte & Arquitectura _aENSAYO _9702 |
||
| 650 |
_2Tesauro de Arte & Arquitectura _aARTE VISUAL _9702 |
||
| 650 |
_2Tesauro de Arte & Arquitectura _aMUSEOLOGIA |
||
| 650 |
_2Tesauro de Arte & Arquitectura _aESPAÑOL |
||
| 942 |
_2ddc _c1 _h700 _iv473o _n0 |
||
| 999 |
_c3796 _d3796 |
||